United States Cities: Hearts of Iron 4 - Statistics

General Stats
  • This quiz has been taken 118 times
  • The average score is 43 of 67
Answer Stats
State Victory Points City % Correct
New York 30 New York
98%
California 30 Los Angeles
92%
California 25 San Francisco
89%
Maryland 40 Washington
88%
Florida 5 Miami
87%
New England 20 Boston
85%
Pennsylvania 20 Philadelphia
85%
Illinois 30 Chicago
83%
Michigan 20 Detroit
83%
Texas 10 Houston
83%
Texas 10 Dallas
82%
California 15 San Diego
82%
Washington 10 Seattle
82%
Georgia 10 Atlanta
81%
Ohio 10 Cleveland
79%
Louisiana 10 New Orleans
78%
Oregon 1 Portland
78%
California 1 Sacramento
76%
Utah 1 Salt Lake City
76%
Ohio 5 Columbus
74%
Colorado 5 Denver
73%
Hawaii 15 Honolulu
73%
Indiana 5 Indianapolis
73%
Missouri 10 Kansas City
73%
Minnesota 5 Minneapolis
73%
Arizona 3 Phoenix
73%
Virginia 15 Richmond
71%
Missouri 10 Saint Louis
71%
Texas 1 San Antonio
71%
New Mexico 1 Albuquerque
69%
New York 3 Buffalo
69%
Pennsylvania 15 Pittsburgh
69%
Maryland 5 Baltimore
66%
Tennessee 3 Nashville
66%
Alaska 3 Anchorage
65%
South Carolina 1 Charleston
65%
West Virginia 3 Charleston
65%
North Dakota 1 Bismarck
64%
Arkansas 1 Little Rock
64%
Idaho 1 Boise
63%
Iowa 3 Des Moines
63%
New England 1 Providence
63%
New Jersey 5 Newark
62%
North Carolina 3 Charlotte
61%
Kentucky 1 Louisville
61%
Wisconsin 5 Milwaukee
61%
Alabama 1 Mobile
61%
Kansas 1 Topeka
60%
Puerto Rico 1 San Juan
58%
Kansas 3 Wichita
58%
Nebraska 1 Omaha
57%
Alabama 1 Birmingham
56%
Virginia 10 Norfolk
55%
Oklahoma 1 Tulsa
54%
Midway Island 1 Midway
53%
Wake Island 1 Wake
53%
Washington 1 Spokane
51%
Attu Island 1 Attu Island
49%
Missouri 1 Springfield
44%
Hawaii 3 Hilo
39%
New England 1 Bangor
33%
Mississippi 1 Biloxi
33%
Montana 1 Great Falls
28%
South Dakota 1 Rapid City
28%
Panama Canal 5 Colón
24%
Alaska 1 Unalaska
19%
Guam 1 Hagatna
17%
No matching quizzes found
Score Distribution
Percent of People with Each Score
Percentile by Number Answered
Your Score History
You have not taken this quiz